[Event "Paul Keres mem (23rd)"]
[Site "Vancouver CAN"]
[Date "1998.05.18"]
[Round "7"]
[White "Lesiege, Alexandre"]
[Black "Samani, Arash"]
[Result "0-1"]
[WhiteElo "2603"]
[BlackElo "2219"]
[WhiteFideId "-1"]
[WhiteFideId "-1"]
[PlyCount "66"]
[GameId "2160767911873181"]
[EventDate "1998.05.15"]
[EventType "swiss"]
[EventRounds "7"]
[EventCountry "CAN"]
[SourceTitle "CFC 1998.08"]

1. d4 Nf6 2. c4 c5 3. Nf3 cxd4 4. Nxd4 Nc6 5. Nc3 g6 6. e4 d6 7. Be2 Bg7 8. Be3 O-O 9. O-O a6 10. Qd2 Nxd4 11. Bxd4 Be6 12. Rad1 Rc8 13. b3 Re8 14. f4 Qa5 15. f5 Bd7 16. g4 Bc6 17. Qf4 Rf8 18. Rf3 b5 19. Rh3 b4 20. Nd5 Bxd5 21. exd5 Qxa2 22. Re1 e5 23. dxe6 fxe6 24. Qxd6 exf5 25. g5 Qd2 26. Qe6+ Kh8 27. Bxf6 Qxe1+ 28. Kg2 Bxf6 29. gxf6 Rce8 30. Rxh7+ Kxh7 31. Qd7+ Kh6 32. Qg7+ Kg5 33. h4+ Qxh4 0-1

[Event "Mauricie ch"]
[Site "Trois-Rivieres CAN"]
[Date "1998.03.22"]
[Round "4"]
[White "Lesiege, Alexandre"]
[Black "Leriche, Felix"]
[Result "1-0"]
[WhiteElo "2533"]
[BlackElo "2180"]
[WhiteFideId "-1"]
[WhiteFideId "-1"]
[PlyCount "81"]
[GameId "2160767911873737"]
[EventDate "1998.03.20"]
[EventType "swiss"]
[EventRounds "5"]
[EventCountry "CAN"]

1. d4 e6 2. c4 d5 3. Nc3 f5 4. Bf4 Nf6 5. e3 Be7 6. Bd3 O-O 7. Nge2 c6 8. h3 b6 9. O-O a5 10. Rc1 Na6 11. a3 Bb7 12. Be5 Qd7 13. Nf4 Rac8 14. Qe2 Nb8 15. Na4 Bd8 16. c5 b5 17. Nb6 Bxb6 18. cxb6 Qf7 19. a4 b4 20. Bxb8 Rxb8 21. Ba6 g5 22. Bxb7 Rxb7 23. Nd3 Rxb6 24. Ne5 Qb7 25. Rc5 Nd7 26. Nxd7 Qxd7 27. Rxa5 h6 28. Rc1 Qb7 29. b3 Rc8 30. Rac5 Kg7 31. Qf3 Kg6 32. Qe2 h5 33. f3 Qa6 34. Qc2 Qb7 35. e4 Qg7 36. Qd3 Qd7 37. a5 Rb5 38. exf5+ exf5 39. Qxb5 cxb5 40. Rxc8 g4 41. R1c7 1-0

[Event "Carnaval"]
[Site "Quebec CAN"]
[Date "1998.02.22"]
[Round "4"]
[White "Lesiege, Alexandre"]
[Black "Leriche, Felix"]
[Result "1-0"]
[WhiteElo "2543"]
[BlackElo "2138"]
[WhiteFideId "-1"]
[WhiteFideId "-1"]
[PlyCount "61"]
[GameId "2160767911873889"]
[EventDate "1998.02.20"]
[EventType "swiss"]
[EventRounds "5"]
[EventCountry "CAN"]
[SourceTitle "Echec+ 1998.05"]

1. d4 d5 2. c4 c6 3. Nc3 Nf6 4. Nf3 e6 5. Bg5 Be7 6. e3 Nbd7 7. Bd3 O-O 8. O-O Re8 9. Rc1 Nf8 10. Qc2 h6 11. Bh4 N6h7 12. Bg3 Ng5 13. Ne5 f6 14. Ng6 Nxg6 15. Bxg6 Nf7 16. c5 e5 17. b4 Bf8 18. f4 e4 19. f5 b6 20. Rfd1 Ba6 21. Qa4 Qc8 22. b5 Bb7 23. Qb3 bxc5 24. dxc5 Bxc5 25. Ne2 Bb6 26. bxc6 Bxc6 27. Bxf7+ Kxf7 28. Rxd5 Ke7 29. Bd6+ Kd8 30. Ba3+ Kc7 31. Rd6 1-0

[Event "Carnaval"]
[Site "Quebec CAN"]
[Date "1998.02.22"]
[Round "5"]
[White "Hebert, Jean"]
[Black "Lesiege, Alexandre"]
[Result "1-0"]
[WhiteElo "2462"]
[BlackElo "2543"]
[WhiteFideId "-1"]
[WhiteFideId "-1"]
[PlyCount "76"]
[GameId "2160767911873890"]
[EventDate "1998.02.20"]
[EventType "swiss"]
[EventRounds "5"]
[EventCountry "CAN"]

1. g3 g6 2. Bg2 Bg7 3. e4 c5 4. d3 Nc6 5. f4 d6 6. Nf3 e5 7. Nc3 Nge7 8. O-O O-O 9. Be3 Nd4 10. Qd2 exf4 11. Bxf4 Bg4 12. Rae1 Qd7 13. Nd1 Rae8 14. Nxd4 cxd4 15. c4 Nc6 16. Nf2 h5 17. h3 Be6 18. Rc1 Rc8 19. Kh2 Rfe8 20. Qe2 Ne5 21. b3 b5 22. Qd2 Rc5 23. Rc2 Rec8 24. Rfc1 a5 25. cxb5 Qxb5 26. Rxc5 Rxc5 27. Rxc5 dxc5 28. Qc2 Nd7 29. h4 Ne5 30. Bxe5 Bxe5 31. Bh3 Qb8 32. Nh1 Bxh3 33. Kxh3 Qb4 34. Kg2 Qc3 35. Qe2 a4 36. bxa4 c4 37. Nf2 Qa3 38. dxc4 Qxg3+ 1-0

[Event "Europe-Americas"]
[Site "Mermaid Beach"]
[Date "1998.01.26"]
[Round "1"]
[White "Relange, Eloi"]
[Black "Lesiege, Alexandre"]
[Result "1-0"]
[WhiteElo "2490"]
[BlackElo "2535"]
[WhiteFideId "-1"]
[WhiteFideId "-1"]
[PlyCount "81"]
[GameId "1166641048440832"]
[EventDate "1998.01.26"]
[EventType "schev"]
[EventRounds "10"]
[EventCountry "BER"]
[SourceTitle "CBM 062 Extra"]
[Source "ChessBase"]
[SourceDate "1998.03.09"]
[SourceVersion "1"]
[SourceVersionDate "1998.03.09"]
[SourceQuality "1"]

1. e4 c5 2. c3 Nf6 3. e5 Nd5 4. d4 cxd4 5. Nf3 e6 6. cxd4 b6 7. Nc3 Nxc3 8. bxc3 Qc7 9. Bb2 Ba3 10. Qb3 Bxb2 11. Qxb2 Bb7 12. Be2 O-O 13. O-O d6 14. exd6 Qxd6 15. c4 Nd7 16. Rfd1 Rac8 17. Qb3 Rc7 18. a4 a5 19. Qe3 h6 20. Rab1 Rfc8 21. Bf1 Bc6 22. Qb3 Qf4 23. Ne1 Bb7 24. Nc2 Be4 25. Rb2 e5 26. d5 Nc5 27. Qa3 Rd8 28. Ne3 Rd6 29. g3 Qg5 30. Bg2 Bg6 31. h4 Qf6 32. Bh3 Be4 33. Re1 Nd3 34. Ng4 Qf3 35. Rxe4 Rxd5 36. Bg2 Qd1+ 37. Kh2 Rd4 38. Rxd4 exd4 39. Rxb6 h5 40. Rb8+ Kh7 41. Be4+ 1-0

[Event "Europe-Americas"]
[Site "Mermaid Beach"]
[Date "1998.01.27"]
[Round "2"]
[White "Lesiege, Alexandre"]
[Black "Mueller, Karsten"]
[Result "0-1"]
[WhiteElo "2535"]
[BlackElo "2515"]
[WhiteFideId "-1"]
[WhiteFideId "-1"]
[PlyCount "80"]
[GameId "1166641048473600"]
[EventDate "1998.01.26"]
[EventType "schev"]
[EventRounds "10"]
[EventCountry "BER"]
[SourceTitle "CBM 062 Extra"]
[Source "ChessBase"]
[SourceDate "1998.03.09"]
[SourceVersion "1"]
[SourceVersionDate "1998.03.09"]
[SourceQuality "1"]

1. d4 d5 2. c4 e6 3. Nc3 c6 4. Nf3 Nf6 5. Bg5 h6 6. Bxf6 Qxf6 7. e3 Nd7 8. Bd3 Qd8 9. O-O Be7 10. Qe2 O-O 11. a3 a6 12. Rfd1 f5 13. b4 Bd6 14. Rab1 Qf6 15. cxd5 exd5 16. g3 b5 17. Nh4 Nb6 18. f4 Bd7 19. Nf3 Be8 20. Ne5 a5 21. Kh1 axb4 22. axb4 Qe7 23. g4 Bxe5 24. dxe5 Bd7 25. gxf5 Bxf5 26. Bxf5 Rxf5 27. Rg1 Nc4 28. Rg3 Ra3 29. Qg4 Rf8 30. Rc1 Rfa8 31. Qg6 Ra1 32. Rxa1 Rxa1+ 33. Kg2 Ra3 34. Nd1 Qf7 35. Qxc6 Ra2+ 36. Nf2 Nxe5 37. Qxb5 Nc4 38. Qc5 Nd2 39. Kg1 Qf5 40. Qd4 Qb1+ 0-1

[Event "Europe-Americas"]
[Site "Mermaid Beach"]
[Date "1998.01.28"]
[Round "3"]
[White "Hodgson, Julian"]
[Black "Lesiege, Alexandre"]
[Result "1-0"]
[WhiteElo "2575"]
[BlackElo "2535"]
[WhiteFideId "-1"]
[WhiteFideId "-1"]
[PlyCount "81"]
[GameId "1166641048498176"]
[EventDate "1998.01.26"]
[EventType "schev"]
[EventRounds "10"]
[EventCountry "BER"]
[SourceTitle "CBM 062 Extra"]
[Source "ChessBase"]
[SourceDate "1998.03.09"]
[SourceVersion "1"]
[SourceVersionDate "1998.03.09"]
[SourceQuality "1"]

1. d4 d5 2. Nf3 Nf6 3. c4 dxc4 4. e3 e6 5. Bxc4 c5 6. Nc3 a6 7. a4 Nc6 8. d5 exd5 9. Nxd5 Nxd5 10. Bxd5 Be7 11. Bxc6+ bxc6 12. Qxd8+ Bxd8 13. Bd2 f6 14. O-O Be7 15. Rfc1 Rb8 16. Bc3 Kf7 17. Nd2 Be6 18. Kf1 h5 19. h3 g5 20. a5 g4 21. h4 Rhd8 22. Ra4 f5 23. Nc4 Bxh4 24. Ne5+ Kg8 25. Nxc6 Bd7 26. Nxd8 Bxa4 27. Ne6 g3 28. f3 Re8 29. Ng7 Bb5+ 30. Kg1 Rxe3 31. Nxf5 Bg5 32. Rd1 Rd3 33. Rxd3 Bxd3 34. Nxg3 Be3+ 35. Kh1 h4 36. Ne4 Kf7 37. Kh2 Ke6 38. Kh3 Bf1 39. Nd2 Bxd2 40. Bxd2 Kd5 41. Be1 1-0

[Event "Europe-Americas"]
[Site "Mermaid Beach"]
[Date "1998.01.29"]
[Round "4"]
[White "Lesiege, Alexandre"]
[Black "Fridman, Daniel"]
[Result "1-0"]
[WhiteElo "2535"]
[BlackElo "2520"]
[WhiteFideId "-1"]
[WhiteFideId "-1"]
[PlyCount "59"]
[GameId "1166641048551424"]
[EventDate "1998.01.26"]
[EventType "schev"]
[EventRounds "10"]
[EventCountry "BER"]
[SourceTitle "CBM 062 Extra"]
[Source "ChessBase"]
[SourceDate "1998.03.09"]
[SourceVersion "1"]
[SourceVersionDate "1998.03.09"]
[SourceQuality "1"]

1. d4 d5 2. c4 c6 3. Nc3 Nf6 4. Nf3 e6 5. Bg5 h6 6. Bh4 dxc4 7. a4 Bb4 8. e3 b5 9. axb5 cxb5 10. Nd2 Qb6 11. Bxf6 gxf6 12. Qf3 Bb7 13. Qxf6 Rh7 14. Be2 Nd7 15. Qh4 Be7 16. Qh5 Bxg2 17. Rg1 Bc6 18. Bf3 Bxf3 19. Qxf3 Rc8 20. Rg8+ Bf8 21. Nde4 a6 22. Qf4 Ke7 23. d5 Rg7 24. d6+ Ke8 25. Nd5 Qb7 26. Nc7+ Rxc7 27. Rxg7 Nc5 28. Nf6+ Kd8 29. dxc7+ Kc8 30. Rg8 1-0

[Event "Europe-Americas"]
[Site "Mermaid Beach"]
[Date "1998.01.30"]
[Round "5"]
[White "Gormally, Daniel"]
[Black "Lesiege, Alexandre"]
[Result "1-0"]
[WhiteElo "2415"]
[BlackElo "2535"]
[WhiteFideId "-1"]
[WhiteFideId "-1"]
[PlyCount "101"]
[GameId "1166641048584192"]
[EventDate "1998.01.26"]
[EventType "schev"]
[EventRounds "10"]
[EventCountry "BER"]
[SourceTitle "CBM 062 Extra"]
[Source "ChessBase"]
[SourceDate "1998.03.09"]
[SourceVersion "1"]
[SourceVersionDate "1998.03.09"]
[SourceQuality "1"]

1. e4 c5 2. Nf3 d6 3. d4 cxd4 4. Nxd4 Nf6 5. Nc3 a6 6. Be3 e6 7. Be2 Qc7 8. O-O Nbd7 9. f4 b5 10. a4 b4 11. Na2 Nxe4 12. Nxb4 d5 13. c3 Bd6 14. Bd3 O-O 15. a5 Bb7 16. Qe2 Ndc5 17. Bc2 Rfe8 18. Nd3 Nd7 19. Nf2 f5 20. Nxe4 fxe4 21. Kh1 g6 22. Qg4 Nf6 23. Qh4 Qe7 24. g4 Nd7 25. Qxe7 Rxe7 26. f5 e5 27. Ne6 Rb8 28. Rad1 Ba8 29. Bxe4 Nf6 30. Bg2 Nxg4 31. Bg5 e4 32. h3 Ne5 33. Bxe7 Bxe7 34. f6 Bd6 35. b4 Nf7 36. Nf4 Bxf4 37. Rxf4 Rc8 38. Rc1 Ne5 39. f7+ Nxf7 40. Rf6 d4 41. Rcf1 dxc3 42. Rxf7 c2 43. Ra7 c1=Q 44. Rxc1 Rxc1+ 45. Kh2 Bc6 46. Rxa6 Kg7 47. Kg3 g5 48. Ra7+ Kf6 49. Rc7 Rc3+ 50. Kh2 e3 51. Kg3 1-0

[Event "Europe-Americas"]
[Site "Mermaid Beach"]
[Date "1998.01.31"]
[Round "6"]
[White "Lesiege, Alexandre"]
[Black "Peptan, Corina Isabela"]
[Result "1-0"]
[WhiteElo "2535"]
[BlackElo "2410"]
[WhiteFideId "-1"]
[WhiteFideId "-1"]
[PlyCount "81"]
[GameId "1166641048629248"]
[EventDate "1998.01.26"]
[EventType "schev"]
[EventRounds "10"]
[EventCountry "BER"]
[SourceTitle "CBM 062 Extra"]
[Source "ChessBase"]
[SourceDate "1998.03.09"]
[SourceVersion "1"]
[SourceVersionDate "1998.03.09"]
[SourceQuality "1"]

1. d4 Nf6 2. c4 e6 3. Nc3 Bb4 4. e3 O-O 5. Bd3 c5 6. Nf3 d5 7. O-O cxd4 8. exd4 dxc4 9. Bxc4 Bxc3 10. bxc3 Qc7 11. Bd3 Nbd7 12. c4 b6 13. Bb2 Bb7 14. Re1 Rfe8 15. Re3 Rad8 16. h3 h6 17. Rc1 Nh5 18. Bb1 Nf4 19. Qc2 Ng6 20. Rce1 Bxf3 21. Rxf3 Ndf8 22. Qc3 Rc8 23. d5 e5 24. Bf5 Rcd8 25. Rd3 Nh4 26. Bg4 Nhg6 27. g3 Nd7 28. Rde3 Nc5 29. Ba3 Na4 30. Qb4 Nc5 31. Qc3 Na4 32. Qc2 Nc5 33. Bf5 Nf8 34. Qc3 g6 35. Bc2 Nfd7 36. f4 b5 37. fxe5 bxc4 38. Bb2 Rb8 39. e6 Rxb2 40. exf7+ Kxf7 41. Rf1+ 1-0

[Event "Europe-Americas"]
[Site "Mermaid Beach"]
[Date "1998.02.01"]
[Round "7"]
[White "Lesiege, Alexandre"]
[Black "Plaskett, Jim"]
[Result "1-0"]
[WhiteElo "2535"]
[BlackElo "2445"]
[WhiteFideId "-1"]
[WhiteFideId "-1"]
[PlyCount "101"]
[GameId "1166641048666112"]
[EventDate "1998.01.26"]
[EventType "schev"]
[EventRounds "10"]
[EventCountry "BER"]
[SourceTitle "CBM 062 Extra"]
[Source "ChessBase"]
[SourceDate "1998.03.09"]
[SourceVersion "1"]
[SourceVersionDate "1998.03.09"]
[SourceQuality "1"]

1. e4 d6 2. d4 g6 3. c4 Bg7 4. Nc3 Nf6 5. Nf3 O-O 6. h3 c5 7. d5 b5 8. cxb5 a6 9. a4 axb5 10. Bxb5 Ba6 11. Bxa6 Nxa6 12. O-O Qb6 13. Qe2 Nb4 14. Bg5 Rfb8 15. Rfd1 Qa6 16. Nb5 Rb7 17. Ra3 Ne8 18. Bh4 Nc7 19. e5 Ncxd5 20. Qe4 Qc6 21. Bg3 Rd7 22. Re1 h6 23. h4 dxe5 24. Nxe5 Bxe5 25. Bxe5 Nf6 26. Qxc6 Nxc6 27. Bxf6 exf6 28. Rc1 Rd2 29. Rxc5 Ne5 30. b4 Rb2 31. Nc7 Rd8 32. Nd5 Ng4 33. Ra1 Nxf2 34. a5 Ne4 35. Rb5 Nc3 36. Nxc3 Rdd2 37. Ra2 Rxg2+ 38. Kf1 Rgf2+ 39. Ke1 Rxa2 40. Nxa2 Rxa2 41. Rb6 Kg7 42. a6 f5 43. b5 g5 44. hxg5 hxg5 45. Rd6 Ra5 46. Rd8 Ra1+ 47. Rd1 Ra2 48. Rb1 g4 49. b6 g3 50. Kf1 f4 51. b7 1-0

[Event "Europe-Americas"]
[Site "Mermaid Beach"]
[Date "1998.02.02"]
[Round "8"]
[White "Georgiev, Vladimir"]
[Black "Lesiege, Alexandre"]
[Result "1/2-1/2"]
[WhiteElo "2565"]
[BlackElo "2535"]
[WhiteFideId "-1"]
[WhiteFideId "-1"]
[PlyCount "35"]
[GameId "1166641048698880"]
[EventDate "1998.01.26"]
[EventType "schev"]
[EventRounds "10"]
[EventCountry "BER"]
[SourceTitle "CBM 062 Extra"]
[Source "ChessBase"]
[SourceDate "1998.03.09"]
[SourceVersion "1"]
[SourceVersionDate "1998.03.09"]
[SourceQuality "1"]

1. c4 Nf6 2. Nc3 g6 3. e4 d6 4. d4 Bg7 5. h3 O-O 6. Bg5 Na6 7. Nf3 e5 8. dxe5 dxe5 9. Qxd8 Rxd8 10. Nd5 Rd6 11. Bxf6 Bxf6 12. O-O-O Nc5 13. Bd3 c6 14. Nxf6+ Rxf6 15. Bc2 Be6 16. b4 Na6 17. a3 Re8 18. c5 1/2-1/2

[Event "Europe-Americas"]
[Site "Mermaid Beach"]
[Date "1998.02.03"]
[Round "9"]
[White "Lesiege, Alexandre"]
[Black "Bezold, Michael"]
[Result "1/2-1/2"]
[WhiteElo "2535"]
[BlackElo "2490"]
[WhiteFideId "-1"]
[WhiteFideId "-1"]
[PlyCount "32"]
[GameId "1166641048743936"]
[EventDate "1998.01.26"]
[EventType "schev"]
[EventRounds "10"]
[EventCountry "BER"]
[SourceTitle "CBM 062 Extra"]
[Source "ChessBase"]
[SourceDate "1998.03.09"]
[SourceVersion "1"]
[SourceVersionDate "1998.03.09"]
[SourceQuality "1"]

1. c4 c5 2. Nf3 Nf6 3. Nc3 e6 4. d4 cxd4 5. Nxd4 a6 6. g3 Qc7 7. Bg2 Be7 8. O-O O-O 9. e4 d6 10. Qe2 Nbd7 11. Be3 Ne5 12. Rac1 Re8 13. b3 Bd7 14. h3 Ng6 15. Qd2 Rac8 16. g4 h6 1/2-1/2

[Event "Europe-Americas"]
[Site "Mermaid Beach"]
[Date "1998.02.04"]
[Round "10"]
[White "Baburin, Alexander"]
[Black "Lesiege, Alexandre"]
[Result "1-0"]
[WhiteElo "2600"]
[BlackElo "2535"]
[WhiteFideId "-1"]
[WhiteFideId "-1"]
[PlyCount "57"]
[GameId "1166641048768512"]
[EventDate "1998.01.26"]
[EventType "schev"]
[EventRounds "10"]
[EventCountry "BER"]
[SourceTitle "CBM 062 Extra"]
[Source "ChessBase"]
[SourceDate "1998.03.09"]
[SourceVersion "1"]
[SourceVersionDate "1998.03.09"]
[SourceQuality "1"]

1. d4 Nf6 2. c4 e6 3. Nc3 Bb4 4. Qc2 O-O 5. a3 Bxc3+ 6. Qxc3 b6 7. Bg5 Bb7 8. e3 d6 9. f3 Nbd7 10. Bd3 h6 11. Bh4 c5 12. Ne2 Rc8 13. b4 cxd4 14. exd4 Re8 15. O-O e5 16. Rac1 e4 17. fxe4 g5 18. Bg3 Nxe4 19. Bxe4 Bxe4 20. Bxd6 Bxg2 21. Ng3 Bxf1 22. Rxf1 Re6 23. Nf5 Kh8 24. d5+ Qf6 25. Nd4 Rxd6 26. Rxf6 Rxf6 27. Nf5 Kh7 28. Qc2 Kh8 29. Qe4 1-0

[Event "Pere Noel"]
[Site "Montreal CAN"]
[Date "1997.12.27"]
[Round "2"]
[White "Lesiege, Alexandre"]
[Black "Grondin, Jean-Philippe"]
[Result "1-0"]
[WhiteElo "2500"]
[BlackElo "2250"]
[WhiteFideId "-1"]
[WhiteFideId "-1"]
[PlyCount "29"]
[GameId "2160767911874282"]
[EventDate "1997.12.26"]
[EventType "swiss"]
[EventRounds "5"]
[EventCountry "CAN"]
[SourceTitle "EXT 2002"]
[Source "ChessBase"]
[SourceDate "2001.11.25"]
[SourceVersion "1"]
[SourceVersionDate "2001.11.25"]
[SourceQuality "1"]

1. d4 Nf6 2. c4 e6 3. Nc3 d5 4. Bg5 Be7 5. e3 O-O 6. Nf3 Nbd7 7. Rc1 a6 8. c5 c6 9. Bd3 Nh5 10. Bxe7 Qxe7 11. O-O e5 12. Nxe5 Nxe5 13. Bxh7+ Kxh7 14. Qxh5+ Kg8 15. Qxe5 1-0

[Event "Pere Noel"]
[Site "Montreal CAN"]
[Date "1997.12.28"]
[Round "3"]
[White "Cunningham, Robin"]
[Black "Lesiege, Alexandre"]
[Result "1/2-1/2"]
[WhiteElo "2315"]
[BlackElo "2500"]
[WhiteFideId "-1"]
[WhiteFideId "-1"]
[PlyCount "62"]
[GameId "2160767911874285"]
[EventDate "1997.12.26"]
[EventType "swiss"]
[EventRounds "5"]
[EventCountry "CAN"]
[SourceTitle "EXT 2002"]
[Source "ChessBase"]
[SourceDate "2001.11.25"]
[SourceVersion "1"]
[SourceVersionDate "2001.11.25"]
[SourceQuality "1"]

1. e4 c5 2. c3 Nf6 3. e5 Nd5 4. d4 cxd4 5. Nf3 e6 6. cxd4 b6 7. Nc3 Nxc3 8. bxc3 Qc7 9. Bd2 d6 10. Bd3 Bb7 11. O-O Nd7 12. Bf4 Be7 13. Re1 O-O 14. Re3 Bxf3 15. Qxf3 dxe5 16. dxe5 g6 17. Rae1 Rfd8 18. Qg4 Nf8 19. h4 Rd7 20. h5 Rad8 21. hxg6 fxg6 22. Bc2 Bc5 23. Rf3 Rf7 24. Bb3 Qc6 25. Bh6 Rxf3 26. gxf3 Re8 27. Rd1 Qc7 28. f4 Qf7 29. Ba4 Rc8 30. Bb3 Re8 31. Ba4 Rc8 1/2-1/2

[Event "Masters-Juniors"]
[Site "Montreal CAN"]
[Date "1997.??.??"]
[Round "1"]
[White "Lesiege, Alexandre"]
[Black "Goldenberg, Danny"]
[Result "1-0"]
[WhiteElo "2550"]
[BlackElo "2255"]
[WhiteFideId "-1"]
[WhiteFideId "-1"]
[PlyCount "59"]
[GameId "2160767911874308"]
[EventDate "1997.12.17"]
[EventType "schev"]
[EventRounds "6"]
[EventCountry "CAN"]
[SourceTitle "EXT 2001"]
[Source "ChessBase"]
[SourceDate "2000.11.22"]
[SourceVersion "1"]
[SourceVersionDate "2000.11.22"]
[SourceQuality "1"]

1. e4 c5 2. Nf3 Nc6 3. d4 cxd4 4. Nxd4 e5 5. Nb5 d6 6. Bc4 a6 7. N5c3 Nf6 8. Bg5 Be7 9. Bxf6 Bxf6 10. Nd5 Bg5 11. a4 O-O 12. O-O Kh8 13. Nbc3 Be6 14. Qd3 Rc8 15. Ba2 Bh6 16. Kh1 f5 17. f3 Nd4 18. Rf2 Qh4 19. Raf1 fxe4 20. Nxe4 Nf5 21. g3 Qh3 22. Re1 Rc5 23. g4 Bxd5 24. Bxd5 Rxd5 25. Qxd5 Nd4 26. Qxd6 Kg8 27. Qd5+ Kh8 28. Nd6 Bf4 29. Nf7+ Rxf7 30. Qd8+ 1-0

[Event "Masters-Juniors"]
[Site "Montreal CAN"]
[Date "1997.??.??"]
[Round "2"]
[White "Dumesnil, Etienne"]
[Black "Lesiege, Alexandre"]
[Result "0-1"]
[WhiteElo "1775"]
[BlackElo "2550"]
[WhiteFideId "-1"]
[WhiteFideId "-1"]
[PlyCount "58"]
[GameId "2160767911874310"]
[EventDate "1997.12.17"]
[EventType "schev"]
[EventRounds "6"]
[EventCountry "CAN"]
[SourceTitle "EXT 2001"]
[Source "ChessBase"]
[SourceDate "2000.11.22"]
[SourceVersion "1"]
[SourceVersionDate "2000.11.22"]
[SourceQuality "1"]

1. e4 c5 2. Nf3 Nc6 3. d4 cxd4 4. Nxd4 e5 5. Nb5 d6 6. N1c3 a6 7. Na3 b5 8. Nd5 Nge7 9. Bg5 Be6 10. c3 h6 11. Bxe7 Nxe7 12. Nc2 Nxd5 13. exd5 Bd7 14. Ne3 g6 15. g4 h5 16. Be2 hxg4 17. Bxg4 f5 18. Be2 Rc8 19. a4 Bh6 20. Nc2 bxa4 21. Bxa6 Rb8 22. Nb4 Qh4 23. Qe2 O-O 24. Qc4 e4 25. Qe2 e3 26. Kf1 f4 27. Rg1 Bh3+ 28. Ke1 exf2+ 29. Kd1 fxg1=Q+ 0-1

[Event "Masters-Juniors"]
[Site "Montreal CAN"]
[Date "1997.??.??"]
[Round "3"]
[White "Charbonneau, Pascal"]
[Black "Lesiege, Alexandre"]
[Result "0-1"]
[WhiteElo "2160"]
[BlackElo "2550"]
[WhiteFideId "-1"]
[WhiteFideId "-1"]
[PlyCount "206"]
[GameId "2160767911874316"]
[EventDate "1997.12.17"]
[EventType "schev"]
[EventRounds "6"]
[EventCountry "CAN"]
[SourceTitle "EXT 2001"]
[Source "ChessBase"]
[SourceDate "2000.11.22"]
[SourceVersion "1"]
[SourceVersionDate "2000.11.22"]
[SourceQuality "1"]

1. e4 c5 2. Nf3 e6 3. d4 cxd4 4. Nxd4 Nc6 5. Nc3 Qc7 6. Be3 a6 7. Bd3 Nf6 8. O-O b5 9. Qe2 Bb7 10. Rae1 Bb4 11. Nd5 Nxd5 12. exd5 Nxd4 13. Bxd4 Bxe1 14. dxe6 dxe6 15. Rxe1 O-O-O 16. Be3 Rd7 17. a4 bxa4 18. Ra1 Qc6 19. f3 Kb8 20. Bf4+ Ka8 21. b3 Rhd8 22. Rxa4 Rxd3 23. cxd3 Qb5 24. Qe5 Qxe5 25. Bxe5 f6 26. Rd4 Bd5 27. Bg3 Rc8 28. Rb4 Rc1+ 29. Kf2 Rc2+ 30. Ke3 Rxg2 31. Rb8+ Ka7 32. Rg8 g5 33. b4 h5 34. Rg6 h4 35. Bxh4 Rxh2 36. Bf2 f5 37. Rxg5 Kb7 38. Ke2 Kc6 39. Rg7 Rh3 40. Rg3 Rh2 41. Rg7 Kb5 42. Ra7 Rh1 43. f4 Ra1 44. Be1 Rc1 45. Bd2 Rc6 46. Rg7 Ka4 47. Rg1 Ba2 48. Rg3 Kb3 49. Rg1 Kb2 50. Rg3 Rd6 51. Rg7 Bb1 52. Rg3 Bc2 53. Rh3 Ba4 54. Be3 Bb5 55. Bc5 Rd5 56. Be7 Kc2 57. Re3 Bxd3+ 58. Kf2 Be4 59. Re2+ Kd3 60. Re3+ Kc4 61. Ra3 Rd7 62. Bc5 Bb7 63. Ra1 Rd2+ 64. Ke3 Rd3+ 65. Ke2 Rh3 66. Rc1+ Kb3 67. Bd6 Be4 68. Be7 Rh7 69. Bd6 Rd7 70. Bf8 Bd3+ 71. Ke3 Bc4 72. Bc5 Rd3+ 73. Kf2 Rd5 74. Bf8 Rd4 75. Ke3 Re4+ 76. Kf3 Bd5 77. Kg3 Re2 78. Bd6 Rg2+ 79. Kh3 Rg8 80. Rc7 Bc4 81. Be7 Bf1+ 82. Kh2 Rg2+ 83. Kh1 Rd2 84. Kg1 Bc4 85. Rc6 Kc3 86. Bf8 Ra2 87. Bd6 Kd3 88. Be5 Rc2 89. Rd6+ Ke3 90. Rd1 Kf3 91. Ra1 Bd3 92. Ra3 Rg2+ 93. Kh1 Rd2 94. Ra1 Kg3 95. Rc1 Be2 96. Bc3 Rd7 97. Rg1+ Kxf4 98. Re1 Kf3 99. Kg1 Rd5 100. Rc1 e5 101. Be1 e4 102. Bf2 f4 103. Ra1 Rg5+ 0-1

[Event "Masters-Juniors"]
[Site "Montreal CAN"]
[Date "1997.??.??"]
[Round "4"]
[White "Lesiege, Alexandre"]
[Black "Gravel, Simon jr"]
[Result "1-0"]
[WhiteElo "2550"]
[BlackElo "2285"]
[WhiteFideId "-1"]
[WhiteFideId "-1"]
[PlyCount "55"]
[GameId "2160767911874327"]
[EventDate "1997.12.17"]
[EventType "schev"]
[EventRounds "6"]
[EventCountry "CAN"]
[SourceTitle "EXT 2001"]
[Source "ChessBase"]
[SourceDate "2000.11.22"]
[SourceVersion "1"]
[SourceVersionDate "2000.11.22"]
[SourceQuality "1"]

1. e4 e6 2. d3 d5 3. Nd2 c5 4. Ngf3 Nc6 5. g3 Bd6 6. Bg2 Nge7 7. O-O O-O 8. Re1 Ng6 9. exd5 exd5 10. Nf1 Bc7 11. h4 Nge5 12. Nxe5 Nxe5 13. Bf4 f6 14. Ne3 Be6 15. c4 d4 16. Nd5 Bd6 17. Bxe5 fxe5 18. f4 Bxd5 19. Bxd5+ Kh8 20. fxe5 Bc7 21. Qg4 Rb8 22. a4 a6 23. e6 Rf6 24. e7 Qe8 25. Re6 Rxe6 26. Qxe6 Qg6 27. Qxg6 hxg6 28. Bf7 1-0

[Event "Masters-Juniors"]
[Site "Montreal CAN"]
[Date "1997.??.??"]
[Round "5"]
[White "Filion, Charles"]
[Black "Lesiege, Alexandre"]
[Result "0-1"]
[WhiteElo "2145"]
[BlackElo "2550"]
[WhiteFideId "-1"]
[WhiteFideId "-1"]
[PlyCount "64"]
[GameId "2160767911874329"]
[EventDate "1997.12.17"]
[EventType "schev"]
[EventRounds "6"]
[EventCountry "CAN"]
[SourceTitle "EXT 2001"]
[Source "ChessBase"]
[SourceDate "2000.11.22"]
[SourceVersion "1"]
[SourceVersionDate "2000.11.22"]
[SourceQuality "1"]

1. c4 Nf6 2. Nc3 g6 3. g3 Bg7 4. Bg2 O-O 5. Nf3 d6 6. O-O e5 7. d3 h6 8. Rb1 a5 9. a3 Re8 10. Nd2 Nc6 11. b4 axb4 12. axb4 Be6 13. b5 Na5 14. Qc2 c6 15. bxc6 bxc6 16. Nb3 Nxb3 17. Qxb3 d5 18. Qb6 Qd7 19. Qb7 Qxb7 20. Rxb7 Rec8 21. f4 e4 22. dxe4 dxe4 23. Nxe4 Nxe4 24. Bxe4 Bxc4 25. f5 Bxe2 26. Re1 gxf5 27. Bxf5 Bd4+ 28. Kg2 Re8 29. Kh3 h5 30. Kh4 Ra4 31. Kg5 Kg7 32. Bf4 Bf6# 0-1